Oracle database 12c release 2 performance tuning tips and techniques / (Record no. 601068)

000 -LEADER
fixed length control field 00312nam a2200109Ia 4500
008 - FIXED-LENGTH DATA ELEMENTS--GENERAL INFORMATION
fixed length control field 230907s9999||||xx |||||||||||||| ||und||
082 ## - DEWEY DECIMAL CLASSIFICATION NUMBER
Classification number 5.756
Author Mark NIE
100 ## - MAIN ENTRY--PERSONAL NAME
Personal name Niemiec, Richard J.,
9 (RLIN) 116106
245 #0 - TITLE STATEMENT
Title Oracle database 12c release 2 performance tuning tips and techniques /
300 ## - PHYSICAL DESCRIPTION
Extent 1085 p.
942 ## - ADDED ENTRY ELEMENTS (KOHA)
Koha item type Book
Holdings
Withdrawn status Lost status Damaged status Not for loan Permanent Location Current Location Date acquired Total Checkouts Full call number Barcode Date last seen Price effective from Koha item type
        US-Pakistan Center for Advanced Studies in Energy (USPCAS-E) US-Pakistan Center for Advanced Studies in Energy (USPCAS-E) 11/19/2019   005.756 NIE CAS-E0005167 09/12/2023 09/12/2023 Book
© 2023 Central Library, National University of Sciences and Technology. All Rights Reserved.